Corporate Logos II Quiz Stats

 Plays Quiz Updated Jan 30, 2019

Support Sporcle.
Go Orange.
Score 0/36 Timer 08:00
46 Plays Today
Company % Correct
Warner Bros
95%
Adidas
90.4%
Puma
86.7%
Target
86.3%
Wikipedia
85.5%
Deutsche Telekom
84.3%
BP
80.9%
Michelin
73.8%
Hyundai
72.4%
Mitsubishi
70.4%
Chanel
68.2%
Quaker Oats
66.2%
Quiznos
64.3%
Baskin-Robbins
61.4%
Bank of America
58%
Expedia
55.7%
ING Group
44.8%
Milton Bradley
42.9%
Company % Correct
Mastercard
39.7%
Delta Air Lines
36.5%
Peugeot
34.7%
Rolex
34%
HSBC
32%
Travelers
31.5%
Vodafone
30.7%
Sun Microsystems
30.6%
Unilever
28.9%
Yamaha
25.6%
British Airways
25.2%
Barclays
25.1%
Lufthansa
22.4%
Nvidia
20.1%
Xerox
16.7%
Ericsson
10%
Reuters
7.8%
Airbus
4.7%

From the Vault

A-Z Title Character Slideshow II

by eyes355

Movies 8m
Too bad there aren't any movie characters named Sporcle yet.
Remove Ads.
Support Sporcle.
Get the best of Sporcle when you Go Orange. This ad-free experience offers more features, more stats, and more fun while also helping to support Sporcle. Thank you for becoming a member.

Show Comments

Extras

Top Quizzes Today


Score Distribution

Your Account Isn't Verified!

In order to create a playlist on Sporcle, you need to verify the email address you used during registration. Go to your Sporcle Settings to finish the process.

Report this User

Report this user for behavior that violates our Community Guidelines.

Details: